000 00702nam a22002297a 4500
005 20170124110024.0
010 _aA-820725
020 _c00.00
035 _aA-820725
037 _bCen Lib/Ret
040 _aDPL
_bEN
082 _a546
_bCHA
100 _aChatwal, G. R.
_920354
245 _aBioinorganic chemistry /
_cby G. R. Chatwal [and] Ajay Kumar Bhagi
260 _aBombay
_bHimalaya Publishing House
_c1996
270 _bBombay
_a"Ramdoot" Dr. Bhalerao Marg, Girgaon
_e400004
300 _a256p.
_c20cm(Hb)
650 _aBioorganic chemistry
_920355
650 _aPharmaceutical chemistry
_920356
700 _a Bhagi, Ajay Kumar
_920357
942 _2ddc
_cEN
_h546
_mCHA
999 _c127391
_d127391